000
nam a22 7a 4500
999
_c
44358
_d
44358
003
OSt
005
20180913110211.0
008
180913b xxu||||| |||| 00| 0 eng d
040
_c
SERO SOFT
100
_a
OBEROI,S.C
245
_a
GUIDANCE AND COUNSELLING
260
_a
MEERUT
_b
R.LALL DEPOT
300
_a
292
942
_2
ddc
_c
02